| 000 | 01225cam a2200313 4500 | ||
|---|---|---|---|
| 001 | J1990 | ||
| 008 | 090401t1993 xxu||||| |||| 00| 0 eng d | ||
| 035 | _a(Sirsi) u46647 | ||
| 041 | _aeng | ||
| 050 | _a346.4104343 | ||
| 110 |
_aInvestment Property Forum _92112 |
||
| 245 | _aDepartment of the Environment consultation paper on commercial property leases: a response by the Investment Property Forum. | ||
| 260 |
_aLondon _bInvestment Property Forum _c1993 |
||
| 300 | _aca.200p. ; 30cm. | ||
| 350 | _a0 | ||
| 520 | _aIncludes a market research survey conducted by the Corporate Intelligence Group and a research report produced for the Forum and the Association of British Insurers at Oxford Brookes University and the University of Reading by Neil Crosby, Andrew Baum and Sandi Murdoch. | ||
| 650 | _aASSOCIATION OF BRITISH INSURERS | ||
| 650 | _aBAUM ANDREW | ||
| 650 | _aBUSINESS LEASES | ||
| 650 | _aPROPERTY-COMMERCIAL PROPERTY | ||
| 650 | _aCROSBY NEIL | ||
| 650 | _aDEPARTMENT OF THE ENVIRONMENT | ||
| 650 | _aMURDOCH SANDI | ||
| 650 | _aOXFORD BROOKES UNIVERSITY | ||
| 650 | _aUNIVERSITY OF READING | ||
| 690 | _aLANDLORD AND TENANT-BUSINESS TENANCIES | ||
| 942 | _n0 | ||
| 948 | _c04/03/1997 | ||
| 999 |
_c91966 _d91966 |
||